| 000 | 00671nam a22001935i 4500 | ||
|---|---|---|---|
| 005 | 20260416163321.0 | ||
| 020 | _a9781394297986 | ||
| 041 | _aENG | ||
| 082 |
_a006.3 _bMAN |
||
| 100 | 1 | _aMann, Hamilton, | |
| 245 | 1 | 0 |
_aArtificial integrity : _cHamilton Mann. _bthe paths to leading AI toward a human-centered future / |
| 260 |
_aUnited Kingdom : _bJohn Wiley and Sons , _c2025. |
||
| 300 |
_axxiii, 279 pages : _billustrations ; _c24 cm. |
||
| 504 | _aIncludes bibliographical references and index. | ||
| 650 |
_aArtificial intelligence _xMoral and ethical aspects. |
||
| 650 |
_aTechnology _xSocial aspects. |
||
| 650 | _aHuman-centered computing. | ||
| 942 |
_2ddc _cBK |
||
| 999 |
_c24313 _d24313 |
||